000 01035nam a2200289Ia 4500
003 OSt
005 20220930092711.0
006 a|||||r|||| 00| 0
007 ta
008 220926b |||||||| |||| 00| 0 eng d
024 _a23888
037 _cTheses
040 _aCRL
_cCRL
_beng
041 _2eng
_aeng
100 _aGupta Chhavi
_9549510
110 _aUniversity OF Delhi. Faculty OF Medical Sciences. Department OF Microbiology
245 0 _aInflammatory and suppressive cytokines interaction and ige correlation in onychomycosis
260 _c2014
650 _aMICROBIOLOGY
700 _a Dr. Rupa Saha Gu.
_9549511
700 _a Dr. S. N. Bhattacharya Gu.
_9535895
700 _a Dr. Shukla Das Gu.
_9537586
700 _a Dr. V. G. Ramachandran Gu.
_9537549
700 _aUniversity OF Delhi. Faculty OF Medical Sciences. Department OF Microbiology
942 _cDIS
_2CC
999 _c884173
_d884173